La explotación sexual comercial como crimen organizado y su dimensión transnacional /
Zapisane w:
| 1. autor: | |
|---|---|
| Format: | Texto |
| Hasła przedmiotowe: | |
| Etykiety: |
Dodaj etykietę
Nie ma etykietki, Dołącz pierwszą etykiete!
|
MARC
| LEADER | 00000 a a2200000 04500 | ||
|---|---|---|---|
| 001 | 2199 | ||
| 003 | |||
| 040 | |||
| 100 | |a Portillo, Vilma Guadalupe | ||
| 245 | |a La explotación sexual comercial como crimen organizado y su dimensión transnacional / |c Vilma Guadalupe Portillo | ||
| 650 | |a EXPLOTACION SEXUAL COMERCIAL | ||
| 650 | |a CRIMEN ORGANIZADO | ||
| 650 | |a ABUSO DE MENORES | ||
| 650 | |a CENTROAMERICA | ||
| 773 | |g número 5; páginas 46-50 | ||
| 999 | |c 36838 |d 36838 | ||
